Szczegóły MARC21

Julian Apostata /

003 -Nazwa inst., której nr kontr. jest w polu 001 [,]
    • @
    • Nazwa instytucji, której n kontrolny jest w polu 001
    • NUKAT
005 -DATA I CZAS OSTATNIEJ MODYFIKACJI [,]
    • @
    • pole kontrolne
    • 20241231110608.0
020 -Międzynarod. znormalizowany nr książki - ISBN [ , ]
    • a
    • Numer ISBN
    • 8385183299 Find
040 -Instytucja sporządzająca opis [ , ]
    • a
    • Instytucja, która sporządziła opis (NP)
    • KR 119/IK
    • c
    • Instytucja, która sporządziła rekord (NP)
    • KR 119/IKs
    • d
    • Instytucja, która zmodyfikowała rekord (P)
    • KR 119/ara
    • d
    • Instytucja, która zmodyfikowała rekord (P)
    • BYDG 24/MM
    • d
    • Instytucja, która zmodyfikowała rekord (P)
    • WR O/dja
041 -Język dokumentu [1, ]
    • a
    • Język tekstu (P)
    • polski
    • h
    • Język tekstu oryginalnego i/lub pośredniego (P)
    • rosyjski
942 -Rodzaj dokumentu [ , ]
    • c
    • Rodzaj dokumentu
    • Książka
100 -Hasło główne - nazwa osobowa [1, ]
    • a
    • Nazwa osobowa (NP)
    • Merežkovskij, Dmitrij Sergeevič
    • d
    • Daty biograficzne (NP)
    • (1865-1941).
    • 9
    • KHW
    • 244137
240 -Tytuł ujednolicony [1,0]
    • a
    • Tytuł ujednolicony
    • Smert' bogov
    • l
    • Język tekstu
    • (pol.)
    • 9
    • KHW
    • 738850
245 -Strefa tytułu i oznaczenia odpowiedzialności [1,0]
    • a
    • Tytuł
    • Julian Apostata / Find
    • c
    • Pozostałe elementy strefy tytułu i oznaczenia odpowiedzialności (NP)
    • Dymitr Mereżkowski ; przeł. Józef Czekalski.
246 -Wariant tytułu [3,0]
    • a
    • Tytuł (NP)
    • Śmierć bogów :
    • b
    • Ciąg dalszy tytułu (NP)
    • Julian Apostata.
260 -Strefa adresu wydawniczego [ , ]
    • a
    • Miejsce wydania (P)
    • Białystok :
    • b
    • Nazwa wydawcy (P)
    • Wydawnictwo "Łuk",
    • c
    • Data wydania (P)
    • 1992.
300 -Strefa opisu fizycznego [ , ]
    • a
    • Określenie formy książki i/lub objętość (NP)
    • 354, [1] s. ;
    • c
    • Format (NP)
    • 21 cm.
336 -Typ zawartości [ , ]
    • a
    • Termin opisujący typ zawartości
    • Tekst
    • b
    • Kod określający zawartość
    • txt
    • 2
    • Źródło (terminu i kodu)
    • rdacontent
337 -Typ mediów [ , ]
    • a
    • Tryb odtwarzania
    • Bez urządzenia pośredniczącego
    • b
    • Kod typu mediów
    • n
    • 2
    • Źródło (terminu i kodu)
    • rdamedia
338 -Typ/rodzaj nośnika [ , ]
    • a
    • Hasło opisujące typ nośnika
    • Wolumin
    • b
    • Kod typu nośnika
    • nc
    • 2
    • Źródło (terminu i kodu)
    • rdacarrier
380 -Deskryptor - Forma dzieła (P) [ , ]
    • a
    • forma dzieła (NP)
    • Książki
380 -Deskryptor - Forma dzieła (P) [ , ]
    • a
    • forma dzieła (NP)
    • Proza
386 -Deskryptor - przynależność kulturowa (P) [ , ]
    • m
    • Wyrażenie wprowadzające (NP)
    • Przynależność kulturowa
    • a
    • Przynależność kulturowa (NP)
    • Literatura rosyjska
388 -Deskryptor - czas powstania dzieła (P) [1, ]
    • a
    • Czas powstania dzieła (NP)
    • 1801-1900
388 -Deskryptor - czas powstania dzieła (P) [1, ]
    • a
    • Czas powstania dzieła (NP)
    • 1901-2000
490 -Strefa serii i książki wielotomowej - forma nie do wyszukiwania [1, ]
    • a
    • Tytuł (P)
    • Biblioteka Rosyjska Find
490 -Strefa serii i książki wielotomowej - forma nie do wyszukiwania [1, ]
    • a
    • Tytuł (P)
    • Chrystus i Antychryst / Dymitr Merżkowski ; Find
    • v
    • Numeracja (P)
    • 1
830 -Hasło dodatkowe serii i opisu książki wielotomowej - tytuł ujednolicony/tytuł [ ,0]
    • a
    • Tytuł ujednolicony/tytuł (NP)
    • Biblioteka Rosyjska
    • 9
    • KHW
    • 62361
500 -Uwaga ogólna [ , ]
    • a
    • Uwaga ogólna (NP)
    • Tekst na podst. wyd. z 1901 roku nakł. Gebethnera i Wolffa.
080 -Uniwersalna Klasyfikacja Dziesiętna [ , ]
    • a
    • Symbol klasyfikacji
    • 882-31
600 -Hasło przedmiotowe w formie nazwy osobowej [0,7]
    • a
    • Nazwa osobowa
    • Julian Apostata
    • c
    • Dopowiedzenie
    • (cesarz rzymski ;
    • d
    • Daty związane z nazwą
    • 331-363)
    • 2
    • Źródło terminu
    • DBN
    • 9
    • KHW
    • 738891
600 -Hasło przedmiotowe w formie nazwy osobowej [0,7]
    • a
    • Nazwa osobowa
    • Julian
    • c
    • Dopowiedzenie
    • (cesarz rzymski ;
    • d
    • Daty związane z nazwą
    • 331-363)
    • x
    • Określnik rzeczowy
    • w literaturze.
    • 2
    • Źródło terminu
    • kaba
    • 9
    • KHW
    • 738860
655 -Hasło w funkcji tematu formalnego [ ,7]
    • a
    • Hasło
    • Powieść
    • 2
    • Źródło terminu
    • DBN
    • 9
    • KHW
    • 720932
655 -Hasło w funkcji tematu formalnego [ ,7]
    • a
    • Hasło
    • Powieść rosyjska
    • y
    • Określnik chronologiczny
    • 1870-1914
    • v
    • Określnik formy
    • tłumaczenia polskie.
    • 2
    • Źródło terminu
    • kaba
    • 9
    • KHW
    • 365967
655 -Hasło w funkcji tematu formalnego [ ,7]
    • a
    • Hasło
    • Powieść rosyjska
    • y
    • Określnik chronologiczny
    • 20 w.
    • v
    • Określnik formy
    • tłumaczenia polskie.
    • 2
    • Źródło terminu
    • kaba
    • 9
    • KHW
    • 386923
980 -Symbol UKD [ , ]
    • a
    • UKD
    • 882-31
700 -Hasło dodatkowe - nazwa osobowa [1, ]
    • a
    • Nazwa osobowa (NP)
    • Czekalski, Józef Find
    • d
    • Daty biograficzne (NP)
    • (1865-1906).
    • e
    • Określenie rodzaju współpracy
    • Tł.
    • 9
    • KHW
    • 484889
710 -Hasło dodatkowe - nazwa ciała zbiorowego [2, ]
    • a
    • Nazwa ciała zbiorowego lub nazwa geograficzna jako pierwszy element (NP)
    • Wydawnictwo Łuk.
    • 4
    • Kod relacji
    • pbl
    • 9
    • KHW
    • 347123
800 -Hasło dodatkowe opisu książki wielotomowej - nazwa osobowa [1, ]
    • a
    • Nazwa osobowa (NP)
    • Merežkovskij, Dmitrij Sergeevič
    • d
    • Daty biograficzne (NP)
    • (1865-1941).
    • t
    • Tytuł ujednolicony/tytuł (NP)
    • Hristos i Antihrist
    • l
    • Język tekstu (NP)
    • (pol.)
    • v
    • Oznaczenie tomu (NP)
    • 1
    • 9
    • KHW
    • 738823
920 -ISBN [ , ]
    • a
    • ISBN
    • 83-85183-29-9 Find
Numer inwentarzowy Status udost. Data inwentaryzacji Lokalizacja
JK.32912002-12-02BG